LEADER 01110nls 2200289-a 450 001 996416648103316 005 20210809124611.0 011 $a1937-0652 100 $a20070803a20079999 s-- a 101 0 $aeng 102 $aUS 110 0 $aaha 0 135 $adrnc 200 1 $aAlgebra & number theory 207 0$a2007- 210 1 $aBerkeley, CA$cMathematical Sciences Publishers$d2007- 326 $aTrimestrale 330 0$aLo scopo di Algebra e Teoria dei numeri è il progresso della matematica. Gli editori valutano i documenti presentati rigorosamente sulla base del merito scientifico con l'aiuto di rapporti di revisione tra pari, indipendentemente dalla nazionalità degli autori, dal paese di residenza, dall'affiliazione istituzionale, dal sesso, dall'origine etnica, dalla religione o dalle opinioni politiche. 606 0 $aAlgebra$xPeriodici$2BNCF 606 0 $aTeoria dei numeri$xPeriodici$2BNCF 676 $a512.05 801 0$aIT$bcba$gREICAT 912 $a996416648103316 959 $aEJ 969 $aER 996 $aAlgebra & number theory$91779301 997 $aUNISA LEADER 01528nam2 22003853i 450 001 UBO4044798 005 20251003044425.0 100 $a20220704d2005 ||||0itac50 ba 101 | $aita 102 $ait 181 1$6z01$ai $bxxxe 182 1$6z01$an 183 1$6z01$anc$2RDAcarrier 200 1 $aˆ22: ‰Dizionario di business english$eItaliano - Inglese 210 $aMilano$cIl Sole 24 Ore$cUniversita Bocconi Editore$aRoma$cLa Repubblica$d2005 215 $aP. 576-1066.$d23 cm 300 $aSuppl. ai quotidiani La Repubblica e Il Sole 24 Ore. 461 1$1001IEI0243463$12001 $aManagement$v22 606 $aAziende$xGestione$xDizionario inglese-italiano$2FIR$3CFIC008723$9I 606 $aECONOMIA$xDIZIONARIO ITALIANO-INGLESE$2FIR$3MILC030841$9I 676 $a330.03$9ECONOMIA. Dizionari, enciclopedie, concordanze.$v23 696 $aImprese 696 $aEconomia reale$aAttività economiche$aAspetti economici 699 $aAziende$yImprese 699 $aEconomia$yEconomia reale 699 $aEconomia$zAttività economiche 699 $aEconomia$zAspetti economici 801 3$aIT$bIT-000000$c20220704 850 $aIT-BN0095 $aIT-NA0299 901 $bNAP AG$cSALA 2 $n$ 912 $aUBO4044798 950 2$aBiblioteca Centralizzata di Ateneo$cv. 1-22$d 01POZZO LIB.F. CORTI 303$e 01 0000119955E VMA (0022 v. 22$fB $h20230713$i20230901 977 $a 01$a AG 996 $aDizionario di business english$93551317 997 $aUNISANNIO